000 00396 a2200157 4500
999 _c29290
_d29290
003 NUST
005 20180118145518.0
008 180118b xxu||||| |||| 00| 0 eng d
020 _a8183560741
020 _a9788183560740
082 _a530
100 1 _aYadav, Poonam.
_98831
245 1 0 _aEngineering physics /
_cPoonam Yadav.
260 _a[S.l.] :
_bDiscovery Publishing House,
_c2006
300 _a1 v. (unpaged)
700 _aYadav, Poonam.
_98831
942 _aSNS
_cBK
_k530 YAD
_2ddc